header

Ideas are free : (Record no. 251593)

MARC details
000 -LEADER
fixed length control field 01343cam a22003494a 4500
001 - CONTROL NUMBER
control field 13333765
003 - CONTROL NUMBER IDENTIFIER
control field OSt
005 - DATE AND TIME OF LATEST TRANSACTION
control field 20151125143037.0
008 - FIXED-LENGTH DATA ELEMENTS--GENERAL INFORMATION
fixed length control field 030905s2004 cau b 001 0 eng
010 ## - LIBRARY OF CONGRESS CONTROL NUMBER
LC control number 2003062804
020 ## - INTERNATIONAL STANDARD BOOK NUMBER
International Standard Book Number 1576752828
040 ## - CATALOGING SOURCE
Original cataloging agency DLC
Transcribing agency DLC
Modifying agency DLC
042 ## - AUTHENTICATION CODE
Authentication code pcc
050 00 - LIBRARY OF CONGRESS CALL NUMBER
Classification number HF5549.5.S8
Item number R63 2004
082 00 - DEWEY DECIMAL CLASSIFICATION NUMBER
Classification number 658.3/14
Edition number 22
100 1# - MAIN ENTRY--PERSONAL NAME
Personal name Robinson, Alan
Fuller form of name (Alan G.)
245 10 - TITLE STATEMENT
Title Ideas are free :
Remainder of title how the idea revolution is liberating people and transforming organizations /
Statement of responsibility, etc Alan G. Robinson, Dean M. Schroeder.
260 ## - PUBLICATION, DISTRIBUTION, ETC. (IMPRINT)
Place of publication, distribution, etc San Francisco, CA :
Name of publisher, distributor, etc Berrett-Koehler,
Date of publication, distribution, etc c2004.
300 ## - PHYSICAL DESCRIPTION
Extent xvii, 232 p. ;
Dimensions 25 cm.
504 ## - BIBLIOGRAPHY, ETC. NOTE
Bibliography, etc Includes bibliographical references and index.
Bibliography, etc Includes bibliographical references and index.
650 #0 - SUBJECT ADDED ENTRY--TOPICAL TERM
Topical term or geographic name as entry element Suggestion systems.
Topical term or geographic name as entry element Management
General subdivision Employee participation.
Topical term or geographic name as entry element Organizational change.
Topical term or geographic name as entry element Organizational effectiveness.
Topical term or geographic name as entry element Corporate culture.
700 1# - ADDED ENTRY--PERSONAL NAME
Personal name Schroeder, Dean M.
856 42 - ELECTRONIC LOCATION AND ACCESS
Materials specified Publisher description
Uniform Resource Identifier <a href="http://www.loc.gov/catdir/enhancements/fy0915/2003062804-d.html">http://www.loc.gov/catdir/enhancements/fy0915/2003062804-d.html</a>
906 ## - LOCAL DATA ELEMENT F, LDF (RLIN)
a 7
b cbc
c orignew
d 1
e ocip
f 20
g y-gencatlg
942 ## - ADDED ENTRY ELEMENTS (KOHA)
Source of classification or shelving scheme Library of Congress Classification
Koha item type Long Loan Books

No items available.

© 2026 Rongo University
Contact us: librarian | system librarian | Rongo university